000 00919nam a22002770a 4500
001 PT2838
003 AR-LpoUNG
005 20210131230746.0
008 191001s1987||||sp |||||||||||||||||spa d
020 _a842491080X
_c$25.33
040 _aAR-LpoUNG
_bspa
_cAR-LpoUNG
_eaacr
041 _aspa
044 _asp
082 0 _aR803 741in
100 1 _aBosque, Ignacio
245 1 0 _aDiccionario inverso de la lengua española
250 _a1ra. ed.
260 _aMadrid :
_bGredos,
_c1987.
300 _a714 p. :
_btbls., gráfs.
520 _a<p>Esta variedad de diccionario constituye una gran herramienta para los especialistas en fonología, en métrica, en linguística computacional y en particular en el estudio de estadistica léxica.</p>
650 4 _aMATERIAL DE REFERENCIA
651 4 _aDOCUMENTOS TEORICOS O METODOLOGICOS
700 1 _aPerez Fernandez, Manuel
905 _a2838
942 _cLSALA
999 _c5986
_d5986